banner-ar

GRAPHIC MATERIALS: RULES FOR DESCRIBING ORIGINAL ITEMS AND HISTORICAL COLLECTIONS / (Record no. 14736)

MARC details
000 -الفاتح
حقل البيانات ثابتة الطول 00605nam a2200193Ia 4500
008 - عناصر البيانات ثابتة الطول - معلومات عامة
حقل البيانات ثابتة الطول 140319s9999 xx 000 0 eng d
040 ## - مصدر الفهرسة
وكالة الفهرسة الأصلية GCL /
وكالة النسخ GCL
082 04 - رقم تصنيف ديوى العشرى
رقم التصنيف 025.347
رقم المادة B G
100 1# - المدخل الرئيسى - إسم شخصى
الإسم الشخصى BETZ, ELISABETH W
245 10 - بيان العنوان
العنوان GRAPHIC MATERIALS: RULES FOR DESCRIBING ORIGINAL ITEMS AND HISTORICAL COLLECTIONS /
بيان المسئوليه,etc BETZ, ELISABETH W
260 ## - PUBLICATION, DISTRIBUTION, ETC. (IMPRINT)
تاريخ النشر أو التوزيع 1982
300 ## - الوصف المادى
التعداد 155 P
650 04 - المدخل الاضافى بالموضوع-مصطلح موضوعى
مصطلح موضوعي DESCRIPTIVE CATALOGING - RULE
650 04 - المدخل الاضافى بالموضوع-مصطلح موضوعى
مصطلح موضوعي CATALOGING
650 04 - المدخل الاضافى بالموضوع-مصطلح موضوعى
مصطلح موضوعي CATALOGING OF GRAPHIC MATERIALS
650 04 - المدخل الاضافى بالموضوع-مصطلح موضوعى
مصطلح موضوعي ANGLO-AMERICAN CATALOGING RULE
942 ## - عناصر المدخل الإضافي( كوها)
مصدر التصنيف او مخطط الترفيف Dewey Decimal Classification
Koha [default] item type كتاب
260 ## - PUBLICATION, DISTRIBUTION, ETC. (IMPRINT)
-- [S.N] :
-- LIBRARY OF CONGRESS ،
Holdings
حالة التراجع حالة الفقد حالة تلف ليس للاعارة المكان المؤقت الموقع الحالى تاريخ الاكتساب اجمالي اﻻعارات رقم الطلب الباركود تاريخ اخر مشاهدة تاريخ تفعيل السعر نوع وعاء كوها
        مكتبة القاهرة الكبرى مكتبة القاهرة الكبرى 03/26/2014   025.347\B G 27601 03/26/2014 03/26/2014 كتاب

Powered By

EGPV